<?xml version="1.0" encoding="UTF-8"?>
<record
    xmlns:xsi="http://www.w3.org/2001/XMLSchema-instance"
    xsi:schemaLocation="http://www.loc.gov/MARC21/slim http://www.loc.gov/standards/marcxml/schema/MARC21slim.xsd"
    xmlns="http://www.loc.gov/MARC21/slim">

  <leader>03930cam a2200385 i 4500</leader>
  <controlfield tag="003">SA-RiAUC</controlfield>
  <controlfield tag="005">20241223073925.0</controlfield>
  <controlfield tag="008">241220s2015____su     f      000 0 ara c</controlfield>
  <datafield tag="020" ind1=" " ind2=" ">
    <subfield code="a">9786038100806</subfield>
  </datafield>
  <datafield tag="024" ind1="0" ind2=" ">
    <subfield code="a">00000000971476</subfield>
  </datafield>
  <datafield tag="024" ind1="0" ind2=" ">
    <subfield code="a">00000000339017</subfield>
  </datafield>
  <datafield tag="040" ind1=" " ind2=" ">
    <subfield code="a">SA-RiKAPL</subfield>
    <subfield code="b">ara</subfield>
    <subfield code="c">SA-RiAUC</subfield>
    <subfield code="d">AE-DuMBRL</subfield>
    <subfield code="e">rda</subfield>
  </datafield>
  <datafield tag="082" ind1="0" ind2="4">
    <subfield code="a">214.332632</subfield>
    <subfield code="q">SA-RiAUC</subfield>
  </datafield>
  <datafield tag="090" ind1=" " ind2=" ">
    <subfield code="a">214.332632</subfield>
    <subfield code="b">&#x628; &#x646; &#x643;</subfield>
  </datafield>
  <datafield tag="110" ind1="2" ind2=" ">
    <subfield code="a">&#x628;&#x646;&#x643; &#x627;&#x644;&#x628;&#x644;&#x627;&#x62F;.</subfield>
    <subfield code="b">&#x623;&#x645;&#x627;&#x646;&#x629; &#x627;&#x644;&#x647;&#x64A;&#x626;&#x629; &#x627;&#x644;&#x634;&#x631;&#x639;&#x64A;&#x629;</subfield>
    <subfield code="e">&#x645;&#x624;&#x644;&#x641;.</subfield>
  </datafield>
  <datafield tag="245" ind1="1" ind2="2">
    <subfield code="a">&#x627;&#x644;&#x62F;&#x644;&#x64A;&#x644; &#x627;&#x644;&#x634;&#x631;&#x639;&#x64A; &#x644;&#x644;&#x62A;&#x645;&#x648;&#x64A;&#x644; &#x627;&#x644;&#x639;&#x642;&#x627;&#x631;&#x64A; &#x628;&#x627;&#x644;&#x645;&#x631;&#x627;&#x628;&#x62D;&#x629; &#x648;&#x627;&#x644;&#x625;&#x62C;&#x627;&#x631;&#x629; :</subfield>
    <subfield code="b">&#x62F;&#x644;&#x64A;&#x644; &#x625;&#x631;&#x634;&#x627;&#x62F;&#x64A; &#x645;&#x642;&#x62F;&#x645; &#x644;&#x644;&#x645;&#x643;&#x627;&#x62A;&#x628; &#x627;&#x644;&#x639;&#x642;&#x627;&#x631;&#x64A;&#x629; &#x648;&#x639;&#x645;&#x644;&#x627;&#x621; &#x627;&#x644;&#x62A;&#x645;&#x648;&#x64A;&#x644; /</subfield>
    <subfield code="c">&#x625;&#x639;&#x62F;&#x627;&#x62F; &#x623;&#x645;&#x627;&#x646;&#x629; &#x627;&#x644;&#x647;&#x64A;&#x626;&#x629; &#x627;&#x644;&#x634;&#x631;&#x639;&#x64A;&#x629; &#x628;&#x628;&#x646;&#x643; &#x627;&#x644;&#x628;&#x644;&#x627;&#x62F;.</subfield>
  </datafield>
  <datafield tag="250" ind1=" " ind2=" ">
    <subfield code="a">&#x627;&#x644;&#x637;&#x628;&#x639;&#x629; &#x627;&#x644;&#x623;&#x648;&#x644;&#x649;.</subfield>
  </datafield>
  <datafield tag="264" ind1=" " ind2="1">
    <subfield code="a">&#x627;&#x644;&#x631;&#x64A;&#x627;&#x636; :</subfield>
    <subfield code="b">&#x62F;&#x627;&#x631; &#x627;&#x644;&#x645;&#x64A;&#x645;&#x627;&#x646; &#x644;&#x644;&#x646;&#x634;&#x631; &#x648;&#x627;&#x644;&#x62A;&#x648;&#x632;&#x64A;&#x639; :</subfield>
    <subfield code="b">&#x628;&#x646;&#x643; &#x627;&#x644;&#x628;&#x644;&#x627;&#x62F;&#x60C;</subfield>
    <subfield code="c">2015</subfield>
  </datafield>
  <datafield tag="300" ind1=" " ind2=" ">
    <subfield code="a">79 &#x635;&#x641;&#x62D;&#x629; &#x61B;</subfield>
    <subfield code="c">24 &#xD7; 17 &#x633;&#x645;.</subfield>
  </datafield>
  <datafield tag="336" ind1=" " ind2=" ">
    <subfield code="a">&#x646;&#x635;</subfield>
    <subfield code="b">txt</subfield>
    <subfield code="2">rdacontent</subfield>
    <subfield code="3">&#x643;&#x62A;&#x627;&#x628;</subfield>
  </datafield>
  <datafield tag="337" ind1=" " ind2=" ">
    <subfield code="a">&#x628;&#x62F;&#x648;&#x646; &#x648;&#x633;&#x64A;&#x637;</subfield>
    <subfield code="b">n</subfield>
    <subfield code="2">rdamedia</subfield>
  </datafield>
  <datafield tag="338" ind1=" " ind2=" ">
    <subfield code="a">&#x645;&#x62C;&#x644;&#x62F;</subfield>
    <subfield code="b">nc</subfield>
    <subfield code="2">rdacarrier</subfield>
  </datafield>
  <datafield tag="490" ind1="0" ind2=" ">
    <subfield code="a">&#x633;&#x644;&#x633;&#x644;&#x629; &#x645;&#x637;&#x628;&#x648;&#x639;&#x627;&#x62A; &#x627;&#x644;&#x645;&#x62C;&#x645;&#x648;&#x639;&#x629; &#x627;&#x644;&#x634;&#x631;&#x639;&#x64A;&#x629; &#x61B;</subfield>
    <subfield code="v">(12)</subfield>
  </datafield>
  <datafield tag="500" ind1=" " ind2=" ">
    <subfield code="a">&#x627;&#x644;&#x635;&#x641; &#x648;&#x627;&#x644;&#x625;&#x62E;&#x631;&#x627;&#x62C; &#x627;&#x644;&#x637;&#x628;&#x627;&#x639;&#x64A; : &#x62F;&#x627;&#x631; &#x627;&#x644;&#x645;&#x64A;&#x645;&#x627;&#x646; &#x644;&#x644;&#x646;&#x634;&#x631; &#x648;&#x627;&#x644;&#x62A;&#x648;&#x632;&#x64A;&#x639;.</subfield>
  </datafield>
  <datafield tag="520" ind1=" " ind2=" ">
    <subfield code="a">&#x64A;&#x62A;&#x646;&#x627;&#x648;&#x644; &#x643;&#x62A;&#x627;&#x628; (&#x627;&#x644;&#x62F;&#x644;&#x64A;&#x644; &#x627;&#x644;&#x634;&#x631;&#x639;&#x64A; &#x644;&#x644;&#x62A;&#x645;&#x648;&#x64A;&#x644; &#x627;&#x644;&#x639;&#x642;&#x627;&#x631;&#x64A;) &#x648;&#x627;&#x644;&#x630;&#x64A; &#x642;&#x627;&#x645;&#x62A; &#x628;&#x625;&#x639;&#x62F;&#x627;&#x62F;&#x647; &#x623;&#x645;&#x627;&#x646;&#x629; &#x627;&#x644;&#x647;&#x64A;&#x626;&#x629; &#x627;&#x644;&#x634;&#x631;&#x639;&#x64A;&#x629;&#x60C; &#x645;&#x648;&#x636;&#x648;&#x639; (&#x62F;&#x644;&#x64A;&#x644; &#x627;&#x644;&#x62A;&#x645;&#x648;&#x64A;&#x644; &#x627;&#x644;&#x639;&#x642;&#x627;&#x631;&#x64A;) &#x627;&#x644;&#x643;&#x62A;&#x627;&#x628; &#x62F;&#x644;&#x64A;&#x644; &#x625;&#x631;&#x634;&#x627;&#x62F;&#x64A; &#x64A;&#x639;&#x646;&#x64A; &#x628;&#x628;&#x64A;&#x627;&#x646; &#x627;&#x644;&#x623;&#x62D;&#x643;&#x627;&#x645; &#x627;&#x644;&#x634;&#x631;&#x639;&#x64A;&#x629;&#x60C; &#x644;&#x62C;&#x645;&#x644;&#x629; &#x645;&#x646; &#x645;&#x633;&#x627;&#x626;&#x644; &#x627;&#x644;&#x62A;&#x645;&#x648;&#x64A;&#x644; &#x627;&#x644;&#x639;&#x642;&#x627;&#x631;&#x64A;&#x60C; &#x627;&#x644;&#x62A;&#x64A; &#x64A;&#x643;&#x62B;&#x631; &#x639;&#x646;&#x647;&#x627; &#x627;&#x644;&#x633;&#x624;&#x627;&#x644;&#x60C; &#x648;&#x62A;&#x645;&#x633; &#x625;&#x644;&#x64A;&#x647;&#x627; &#x627;&#x644;&#x62D;&#x627;&#x62C;&#x629; &#x628;&#x633;&#x628;&#x628; &#x639;&#x62F;&#x645; &#x627;&#x646;&#x636;&#x628;&#x627;&#x637; &#x628;&#x639;&#x636; &#x627;&#x644;&#x645;&#x645;&#x627;&#x631;&#x633;&#x627;&#x62A; &#x641;&#x64A; &#x627;&#x644;&#x633;&#x648;&#x642; &#x627;&#x644;&#x639;&#x642;&#x627;&#x631;&#x64A;&#x629; &#x628;&#x627;&#x644;&#x636;&#x648;&#x627;&#x628;&#x637; &#x627;&#x644;&#x634;&#x631;&#x639;&#x64A;&#x629;&#x60C; &#x645;&#x645;&#x627; &#x642;&#x62F; &#x64A;&#x648;&#x642;&#x639; &#x627;&#x644;&#x645;&#x62A;&#x639;&#x627;&#x645;&#x644; &#x641;&#x64A; &#x627;&#x644;&#x645;&#x62D;&#x638;&#x648;&#x631;. &#x648;&#x642;&#x62F; &#x627;&#x644;&#x62F;&#x644;&#x64A;&#x644; &#x639;&#x644;&#x649; &#x623;&#x628;&#x631;&#x632; &#x627;&#x644;&#x645;&#x633;&#x627;&#x626;&#x644; &#x644;&#x623;&#x634;&#x647;&#x631; &#x635;&#x64A;&#x63A;&#x62A;&#x64A;&#x646; &#x645;&#x646; &#x635;&#x64A;&#x63A; &#x627;&#x644;&#x62A;&#x645;&#x648;&#x64A;&#x644; &#x627;&#x644;&#x639;&#x642;&#x627;&#x631;&#x64A;&#x60C; &#x648;&#x647;&#x645;&#x627;: &#x635;&#x64A;&#x63A;&#x629; &#x627;&#x644;&#x645;&#x631;&#x627;&#x628;&#x62D;&#x629; &#x644;&#x644;&#x622;&#x645;&#x631; &#x628;&#x627;&#x644;&#x634;&#x631;&#x627;&#x621; (&#x628;&#x64A;&#x639; &#x627;&#x644;&#x62A;&#x642;&#x633;&#x64A;&#x637;)&#x60C; &#x648;&#x635;&#x64A;&#x63A;&#x629; &#x627;&#x644;&#x625;&#x62C;&#x627;&#x631;&#x629; &#x627;&#x644;&#x62A;&#x645;&#x648;&#x64A;&#x644;&#x64A;&#x629; (&#x627;&#x644;&#x625;&#x62C;&#x627;&#x631;&#x629; &#x627;&#x644;&#x645;&#x646;&#x62A;&#x647;&#x64A;&#x629; &#x628;&#x627;&#x644;&#x62A;&#x645;&#x644;&#x64A;&#x643;). </subfield>
  </datafield>
  <datafield tag="520" ind1=" " ind2=" ">
    <subfield code="a">&#x647;&#x630;&#x627; &#x627;&#x644;&#x643;&#x62A;&#x627;&#x628; &#x62F;&#x644;&#x64A;&#x644; &#x625;&#x631;&#x634;&#x627;&#x62F;&#x64A; &#x639;&#x645;&#x644;&#x64A; &#x644;&#x639;&#x645;&#x644;&#x627;&#x621; &#x627;&#x644;&#x62A;&#x645;&#x648;&#x64A;&#x644; &#x648;&#x648;&#x633;&#x637;&#x627;&#x621; &#x627;&#x644;&#x639;&#x642;&#x627;&#x631; &#x64A;&#x641;&#x64A;&#x62F; &#x645;&#x646;&#x647; &#x645;&#x648;&#x638;&#x641;&#x648; &#x627;&#x644;&#x645;&#x624;&#x633;&#x633;&#x627;&#x62A; &#x627;&#x644;&#x62A;&#x645;&#x648;&#x64A;&#x644;&#x64A;&#x629; &#x648;&#x645;&#x644;&#x627;&#x643; &#x627;&#x644;&#x639;&#x642;&#x627;&#x631; &#x64A;&#x639;&#x646;&#x64A; &#x627;&#x644;&#x62F;&#x644;&#x64A;&#x644; &#x628;&#x628;&#x64A;&#x627;&#x646; &#x627;&#x644;&#x623;&#x62D;&#x643;&#x627;&#x645; &#x627;&#x644;&#x634;&#x631;&#x639;&#x64A;&#x629; &#x644;&#x62C;&#x645;&#x644;&#x629; &#x645;&#x646; &#x645;&#x633;&#x627;&#x626;&#x644; &#x627;&#x644;&#x62A;&#x645;&#x648;&#x64A;&#x644; &#x627;&#x644;&#x639;&#x642;&#x627;&#x631;&#x64A; &#x627;&#x644;&#x62A;&#x64A; &#x64A;&#x643;&#x62B;&#x631; &#x639;&#x646;&#x647;&#x627; &#x627;&#x644;&#x633;&#x624;&#x627;&#x644; &#x648;&#x62A;&#x645;&#x633; &#x625;&#x644;&#x64A;&#x647;&#x640;&#x627; &#x627;&#x644;&#x62D;&#x627;&#x62C;&#x629; &#x628;&#x633;&#x628;&#x628; &#x639;&#x62F;&#x645; &#x627;&#x646;&#x636;&#x628;&#x627;&#x637; &#x628;&#x639;&#x636; &#x627;&#x644;&#x645;&#x645;&#x627;&#x631;&#x633;&#x627;&#x62A; &#x641;&#x64A; &#x627;&#x644;&#x633;&#x648;&#x642; &#x627;&#x644;&#x639;&#x642;&#x627;&#x631;&#x64A;&#x629; &#x628;&#x627;&#x644;&#x636;&#x648;&#x627;&#x628;&#x637; &#x627;&#x644;&#x634;&#x631;&#x639;&#x64A;&#x60C; &#x645;&#x645;&#x627; &#x642;&#x62F; &#x64A;&#x648;&#x642;&#x639; &#x627;&#x644;&#x645;&#x62A;&#x639;&#x627;&#x645;&#x644; &#x641;&#x64A; &#x627;&#x644;&#x645;&#x62D;&#x638;&#x648;&#x631; &#x644;&#x627; &#x633;&#x64A;&#x645;&#x627; &#x623;&#x646;&#x647; &#x644;&#x627; &#x633;&#x628;&#x64A;&#x644; &#x644;&#x63A;&#x627;&#x644;&#x628; &#x627;&#x644;&#x646;&#x627;&#x633; &#x627;&#x644;&#x64A;&#x648;&#x645; &#x625;&#x644;&#x649; &#x62A;&#x645;&#x644;&#x643; &#x627;&#x644;&#x645;&#x633;&#x627;&#x643;&#x646; &#x625;&#x644;&#x627; &#x639;&#x646; &#x637;&#x631;&#x64A;&#x642; &#x627;&#x644;&#x62A;&#x645;&#x648;&#x64A;&#x644; &#x627;&#x642;&#x62A;&#x635;&#x631; &#x627;&#x644;&#x62F;&#x644;&#x64A;&#x644; &#x639;&#x644;&#x649; &#x623;&#x628;&#x631;&#x632; &#x627;&#x644;&#x645;&#x633;&#x627;&#x626;&#x644; &#x644;&#x623;&#x634;&#x647;&#x631; &#x635;&#x64A;&#x63A;&#x62A;&#x64A;&#x646; &#x645;&#x646; &#x635;&#x64A;&#x63A; &#x627;&#x644;&#x62A;&#x645;&#x648;&#x64A;&#x644; &#x627;&#x644;&#x639;&#x642;&#x627;&#x631;&#x64A; &#x648;&#x647;&#x645;&#x627; &#x635;&#x64A;&#x63A;&#x629; &#x627;&#x644;&#x645;&#x631;&#x627;&#x628;&#x62D;&#x629; &#x644;&#x644;&#x623;&#x645;&#x631; &#x628;&#x627;&#x644;&#x634;&#x631;&#x627;&#x621; (&#x628;&#x64A;&#x639; &#x627;&#x644;&#x62A;&#x642;&#x633;&#x64A;&#x637;) &#x648;&#x635;&#x64A;&#x63A;&#x629; &#x627;&#x644;&#x625;&#x62C;&#x627;&#x631;&#x629; &#x627;&#x644;&#x62A;&#x645;&#x648;&#x64A;&#x644;&#x64A;&#x629;  &#x627;&#x644;&#x625;&#x62C;&#x627;&#x631;&#x629; &#x627;&#x644;&#x645;&#x646;&#x62A;&#x647;&#x64A;&#x629; &#x628;&#x627;&#x644;&#x62A;&#x645;&#x644;&#x64A;&#x643;)  &#x627;&#x634;&#x62A;&#x645;&#x644; &#x639;&#x631;&#x636; &#x627;&#x644;&#x645;&#x633;&#x627;&#x626;&#x644; &#x639;&#x644;&#x649; &#x62A;&#x635;&#x648;&#x64A;&#x631; &#x644;&#x647;&#x627; &#x62B;&#x645; &#x628;&#x64A;&#x627;&#x646; &#x62D;&#x643;&#x645;&#x647;&#x627; &#x627;&#x644;&#x634;&#x631;&#x639;&#x64A; &#x645;&#x639; &#x625;&#x64A;&#x631;&#x627;&#x62F; &#x628;&#x639;&#x636; &#x627;&#x644;&#x62A;&#x646;&#x628;&#x64A;&#x647;&#x627;&#x62A; &#x648;&#x627;&#x644;&#x62A;&#x639;&#x631;&#x64A;&#x641;&#x627;&#x62A; &#x639;&#x646;&#x62F; &#x627;&#x644;&#x62D;&#x627;&#x62C;&#x629;.</subfield>
  </datafield>
  <datafield tag="650" ind1=" " ind2="7">
    <subfield code="a">&#x627;&#x644;&#x645;&#x631;&#x627;&#x628;&#x62D;&#x629; (&#x641;&#x642;&#x647; &#x625;&#x633;&#x644;&#x627;&#x645;&#x64A;)</subfield>
    <subfield code="2">aucsh</subfield>
  </datafield>
  <datafield tag="650" ind1=" " ind2="7">
    <subfield code="a">&#x627;&#x644;&#x625;&#x62C;&#x627;&#x631;&#x629; (&#x641;&#x642;&#x647; &#x625;&#x633;&#x644;&#x627;&#x645;&#x64A;)</subfield>
    <subfield code="2">aucsh</subfield>
  </datafield>
  <datafield tag="650" ind1=" " ind2="7">
    <subfield code="a">&#x627;&#x644;&#x625;&#x633;&#x644;&#x627;&#x645; &#x648;&#x642;&#x631;&#x648;&#x636; &#x627;&#x644;&#x631;&#x647;&#x646;</subfield>
    <subfield code="2">aucsh</subfield>
  </datafield>
  <datafield tag="650" ind1=" " ind2="7">
    <subfield code="a">&#x627;&#x644;&#x631;&#x647;&#x646; &#x627;&#x644;&#x639;&#x642;&#x627;&#x631;&#x64A;</subfield>
    <subfield code="2">aucsh</subfield>
  </datafield>
  <datafield tag="856" ind1="4" ind2="2">
    <subfield code="3">Book Cover</subfield>
    <subfield code="q">JPEG</subfield>
    <subfield code="u">https://library.ithra.com/bc/00000000339017.jpeg</subfield>
    <subfield code="z">&lt;CLICK_TO_VIEW_BOOK_COVER&gt;</subfield>
  </datafield>
  <datafield tag="856" ind1="4" ind2="2">
    <subfield code="3">Table of contents</subfield>
    <subfield code="q">PDF</subfield>
    <subfield code="u">https://library.ithra.com/pdf/.pdf</subfield>
    <subfield code="z">&lt;CLICK_TO_ACCESS_TOC&gt;</subfield>
  </datafield>
  <datafield tag="942" ind1=" " ind2=" ">
    <subfield code="2">ddc</subfield>
    <subfield code="c">BOOK</subfield>
    <subfield code="n">0</subfield>
  </datafield>
  <datafield tag="949" ind1=" " ind2=" ">
    <subfield code="a">SA-JeALM</subfield>
    <subfield code="d">241220</subfield>
    <subfield code="u">mohamedma123</subfield>
    <subfield code="n">1</subfield>
  </datafield>
  <datafield tag="952" ind1=" " ind2=" ">
    <subfield code="0">0</subfield>
    <subfield code="1">0</subfield>
    <subfield code="2">ddc</subfield>
    <subfield code="4">0</subfield>
    <subfield code="7">0</subfield>
    <subfield code="a">WAHAB</subfield>
    <subfield code="b">WAHAB</subfield>
    <subfield code="d">2024-12-23</subfield>
    <subfield code="l">0</subfield>
    <subfield code="o">214.332632 &#x628; &#x646; &#x643;</subfield>
    <subfield code="p">000006024</subfield>
    <subfield code="r">2024-12-23 07:40:29</subfield>
    <subfield code="w">2024-12-23</subfield>
    <subfield code="y">BOOK</subfield>
  </datafield>
  <datafield tag="999" ind1=" " ind2=" ">
    <subfield code="c">3806</subfield>
    <subfield code="d">3806</subfield>
  </datafield>
</record>
